|
|
|
|
| LEADER |
00000nam a2200000Ii 4500 |
| 001 |
DIGDEU0247 |
| 003 |
NyNyDIG |
| 006 |
m o d |
| 007 |
cr ||||||||||| |
| 008 |
241203s2023 sp a ob 000 0 spa d |
| 035 |
|
|
|a (OCoLC)1482221482
|
| 040 |
|
|
|a DGITA
|b eng
|e rda
|e pn
|c DGITA
|
| 020 |
|
|
|a 9788413251899
|q eBook
|
| 041 |
0 |
|
|a spa
|a eng
|
| 050 |
1 |
4 |
|a HG8051 ebook
|
| 245 |
0 |
0 |
|a Penalización lineal por riesgo en finanzas :
|b valor actualizado penalizado (VAP) y tasa de rentabilidad interna penalizada (TRIP) = Linear risk penalization in finance : penalized present value (PPV) and penalized internal rate of return (PIRR) /
|c Fernando Gómez-Bezares, José Antonio Madariaga y Javier Santibáñez (editores).
|
| 246 |
1 |
|
|i Subtitle on cover:
|a Linear risk penalization in finance :
|b penalized present value (PPV) and penalized internal rate of return
|
| 264 |
|
1 |
|a Bilbao :
|b Publicaciones de la Universidad de Deusto,
|c 2023.
|
| 300 |
|
|
|a 1 online resource :
|b illustrations.
|
| 336 |
|
|
|a text
|b txt
|2 rdacontent
|
| 337 |
|
|
|a computer
|b c
|2 rdamedia
|
| 338 |
|
|
|a online resource
|b cr
|2 rdacarrier
|
| 347 |
|
|
|a text file
|2 rdaft
|
| 347 |
|
|
|b PDF
|
| 504 |
|
|
|a Includes bibliographical references.
|
| 546 |
|
|
|a Text chiefly in Spanish with one article in English.
|
| 588 |
0 |
|
|a Online resource; title from PDF title page (Digitalia, viewed December 3, 2024)
|
| 650 |
|
0 |
|a Risk management management.
|
| 650 |
|
0 |
|a Risk (Insurance)
|
| 700 |
1 |
|
|a Gómez-Bezares, Fernando,
|e editor.
|
| 700 |
1 |
|
|a Madariaga, José Antonio,
|e editor.
|
| 700 |
1 |
|
|a Santibáñez Grúber, Javier,
|e editor.
|
| 791 |
2 |
|
|a Digitalia (Firm),
|e distributor.
|
| 793 |
0 |
|
|g Digitalia eBook Collection:
|a Universidad de Deusto
|
| 856 |
4 |
0 |
|3 Digitalia Hispánica
|u https://www.digitaliapublishing.com/a/163591/
|
| 910 |
|
|
|a Premium collection: 2024
|